Sieťové a informačné technológie celoškolský seminár, Nitra 7.2.2002

Gespeichert in:
Bibliographische Detailangaben
Körperschaft: Sieťové a informačné technológie. Celoškolský seminár
Format: Buch
Sprache:Slowakisch
Englisch
Veröffentlicht: Nitra Slovenská poľnohospodárska univerzita v Nitre 2002
Schlagworte:
Tags: Tag hinzufügen
Keine Tags, Fügen Sie das erste Tag hinzu!

MARC

LEADER 00000nam$a2200000$$$4500
001 0092361
005 20240104092458.3
020 |a 80-7137-981-6 
041 0 |a slo 
041 0 |a eng 
044 |a SK 
245 1 0 |a Sieťové a informačné technológie  |b celoškolský seminár, Nitra 7.2.2002 
264 1 |a Nitra  |b Slovenská poľnohospodárska univerzita v Nitre  |c 2002 
300 |a 103 s. 
610 2 0 |a technológie informačné 
610 2 0 |a siete počítačové 
610 2 0 |a systémy informačné 
610 2 0 |a technológie komunikačné 
610 2 0 |a informatizácia 
610 2 0 |a vzdelávanie elektronické 
610 2 0 |a softvér 
610 2 0 |a hardvér 
610 2 0 |a školy vysoké 
110 2 |a Sieťové a informačné technológie. Celoškolský seminár